Statystyki dla Polskie płyty rapowe

Kliknij tutaj aby rozwiązać quiz!

Ogólne statystyki

  • Ten quiz został rozwiązany 617 razy
  • Średni wynik to 13 z 40

Statystyki odpowiedzi

PłytaRaper% Poprawnych
"Eklektyka"Quebonafide
87%
"Muzyka Klasyczna"Pezet
72%
"Umowa o dzieło"Taco Hemingway
70%
"Rehab"Białas
68%
"Takie rzeczy"Kękę
67%
"Kinematografia"Paktofonika
67%
"10/29"Paluch
65%
"Na legalu?"Peja
63%
"S.P.O.R.T."Tede
56%
"Koktajl"Borixon
50%
"Podróż zwana życiem"OSTR
49%
"Gdzie jest Eis" XDEis
48%
"Art Brut"Pro8l3m
42%
"ylloM"Guzior
39%
"Slam"Otsochodzi
39%
"Księga tajemnicza. Prolog"Kaliber 44
30%
"I żyli krótko i szczęsliwie"Sarius
30%
"Klucz"Hemp Gru
26%
"cozamixtape"Kuban
26%
"Kilka numerów o czymś"Małpa
26%
"Wilk chodnikowy"Bisz
23%
"Skandal"Molesta
22%
"Trzeba było zostać dresiarzem"Ten Typ Mes
22%
"Nawiasem mówiąc"Łona
19%
"Zabójstwo liryczne"Sentino
19%
"Alboom"Liroy
17%
"Człowiek, który chciał ukraść alfabet"Eldo
16%
"Opium"Eripe
16%
"Światła miasta"Grammatik
13%
"Klaud N9JN"VNM
12%
"Znany i lubiany"Bonson
11%
"Na zawsze będzie płonął"Płomień 81
11%
"Polepione dźwięki"Fisz
9%
"Rezerwat EP"Pikers
9%
"Lecę, chwila, spadam"Kuba Knap
8%
"Nastukafszy..."Warszafski deszcz
8%
"Podwórka pytają kiedy płyta"Leh
7%
"Nowa stara szkoła"The Returners
5%
"Teraz pieniądz w cenie"TPWC
4%
"Lavorama"Ortega Cartel
2%

Rozkład punktacji

Percentyl według liczby udzielonych odpowiedzi

Procent ludzi z każdym wynikiem

Twoja historia wyników

Nie rozwiązałeś tego quizu